[Event "New Delhi Parsvnath op 7th"]
[Site "New Delhi"]
[Date "2009.01.19"]
[Round "10"]
[White "Das, Sayantan"]
[Black "Roktim, Bandyopadhyay"]
[Result "0-1"]
[WhiteElo "2224"]
[BlackElo "2372"]
[PlyCount "52"]
[EventDate "2009.01.11"]
[EventType "swiss"]
[EventRounds "10"]
[EventCountry "IND"]
[SourceTitle "CBM 128 Extra"]
[Source "ChessBase"]
[SourceDate "2009.03.05"]
[SourceVersion "2"]
[SourceVersionDate "2009.03.25"]
[SourceQuality "1"]

1. e4 e5 2. Nf3 d6 3. d4 exd4 4. Nxd4 Nf6 5. Nc3 Be7 6. Bf4 0-0 7. Qd2 a6 8. 0-0-0 b5 9. f3 c5 10. Nf5 Bxf5 11. exf5 Nc6 12. Ne4 d5 13. Qe1 d4 14. Nxf6+ Bxf6 15. g4 Nb4 16. a3 Nd5 17. Bd2 Bh4 18. Qe2 Re8 19. Qg2 c4 20. f4 Rc8 21. Ba5 Qxa5 22. Qxd5 d3 23. cxd3 c3 24. Qb3 c2 25. Qxc2 Rxc2+ 26. Kxc2 Qa4+ 0-1

[Event "New Delhi Parsvnath op 7th"]
[Site "New Delhi"]
[Date "2009.01.18"]
[Round "9"]
[White "Roktim, Bandyopadhyay"]
[Black "Iuldachev, Saidali"]
[Result "0-1"]
[WhiteElo "2372"]
[BlackElo "2520"]
[PlyCount "97"]
[EventDate "2009.01.11"]
[EventType "swiss"]
[EventRounds "10"]
[EventCountry "IND"]
[SourceTitle "CBM 128 Extra"]
[Source "ChessBase"]
[SourceDate "2009.03.05"]
[SourceVersion "2"]
[SourceVersionDate "2009.03.25"]
[SourceQuality "1"]

1. e4 e5 2. Nf3 Nc6 3. Bb5 a6 4. Ba4 Nf6 5. 0-0 Be7 6. Re1 b5 7. Bb3 d6 8. c3 0-0 9. h3 Na5 10. Bc2 c5 11. d4 Qc7 12. Nbd2 Be6 13. d5 Bd7 14. Nf1 Nc4 15. b3 Nb6 16. N3h2 c4 17. b4 Ra7 18. g4 Rfa8 19. Ng3 a5 20. a3 h6 21. Nf5 Bxf5 22. gxf5 Nh7 23. Nf3 axb4 24. cxb4 Bf6 25. Kh2 Kf8 26. Rb1 Ke7 27. Rg1 Ra6 28. Rg3 Qa7 29. Kg2 Rc8 30. Qe2 Rg8 31. Ra1 Qa8 32. Rb1 Kf8 33. Be3 Bd8 34. Bc1 Nf6 35. Nh2 Na4 36. Bxa4 Rxa4 37. Ng4 Nh5 38. Rc3 Nf4+ 39. Bxf4 exf4 40. Qf3 h5 41. Nh2 Bf6 42. Rc2 Rxa3 43. Qxh5 Qa4 44. Re2 Rb3 45. Rbe1 Qxb4 46. Nf3 Qc3 47. e5 g6 48. Qh6+ Bg7 49. Qxf4 0-1

[Event "New Delhi Parsvnath op 7th"]
[Site "New Delhi"]
[Date "2009.01.15"]
[Round "6"]
[White "Sarkar, Justin"]
[Black "Roktim, Bandyopadhyay"]
[Result "0-1"]
[WhiteElo "2455"]
[BlackElo "2372"]
[PlyCount "96"]
[EventDate "2009.01.11"]
[EventType "swiss"]
[EventRounds "10"]
[EventCountry "IND"]
[SourceTitle "CBM 128 Extra"]
[Source "ChessBase"]
[SourceDate "2009.03.05"]
[SourceVersion "2"]
[SourceVersionDate "2009.03.25"]
[SourceQuality "1"]

1. d4 Nf6 2. c4 d6 3. Nf3 Bg4 4. Nc3 g6 5. e4 Bxf3 6. Qxf3 Nc6 7. Be3 Bg7 8. d5 Ne5 9. Qg3 c6 10. f4 Ned7 11. Be2 0-0 12. dxc6 bxc6 13. e5 Ne8 14. 0-0-0 Qc7 15. exd6 Nxd6 16. Qe1 Nf5 17. Bg4 Nxe3 18. Qxe3 Nb6 19. c5 Nc4 20. Qe4 Nxb2 21. Kxb2 Qa5 22. Qc4 Rab8+ 23. Kc2 Rb4 24. Qd3 Bxc3 25. Rb1 Qxc5 26. Rxb4 Bxb4+ 27. Kd1 Qf2 28. Be2 Qxf4 29. Rf1 Qxh2 30. Qd4 Qd6 31. Qxd6 Bxd6 32. Bc4 Kg7 33. g4 f5 34. gxf5 Rxf5 35. Re1 Rf4 36. Be6 Rf2 37. Re4 Kf6 38. Bb3 h5 39. Rc4 g5 40. Ke1 Rh2 41. Rxc6 g4 42. Kf1 h4 43. Rc8 h3 44. Rf8+ Kg5 45. Be6 g3 46. Rf5+ Kg6 47. Rd5 g2+ 48. Kf2 Rh1 0-1

[Event "IND-ch Velammal 45th"]
[Site "Chennai"]
[Date "2008.02.14"]
[Round "12"]
[White "Roktim, Bandyopadhyay"]
[Black "Konguvel, Ponnuswamy"]
[Result "1/2-1/2"]
[WhiteElo "2373"]
[BlackElo "2394"]
[PlyCount "33"]
[EventDate "2008.02.03"]
[EventType "swiss"]
[EventRounds "13"]
[EventCountry "IND"]
[SourceTitle "CBM 122 Extra"]
[Source "ChessBase"]
[SourceDate "2008.03.04"]
[SourceVersion "1"]
[SourceVersionDate "2008.03.04"]
[SourceQuality "1"]

1. Nf3 Nf6 2. g3 g6 3. Bg2 Bg7 4. 0-0 0-0 5. d4 d5 6. c3 Ne4 7. Nbd2 c5 8. dxc5 Nxc5 9. Nb3 Ne4 10. Be3 Nc6 11. Qc1 Qc7 12. Bh6 Bxh6 13. Qxh6 Bg4 14. Qf4 Qxf4 15. gxf4 Bxf3 16. Bxf3 Nf6 17. Rfd1 1/2-1/2

[Event "IND-ch Velammal 45th"]
[Site "Chennai"]
[Date "2008.02.12"]
[Round "10"]
[White "Ramesh, Ramachandran B"]
[Black "Roktim, Bandyopadhyay"]
[Result "1/2-1/2"]
[WhiteElo "2473"]
[BlackElo "2373"]
[PlyCount "54"]
[EventDate "2008.02.03"]
[EventType "swiss"]
[EventRounds "13"]
[EventCountry "IND"]
[SourceTitle "CBM 122 Extra"]
[Source "ChessBase"]
[SourceDate "2008.03.04"]
[SourceVersion "1"]
[SourceVersionDate "2008.03.04"]
[SourceQuality "1"]

1. e4 e5 2. Nf3 d6 3. d4 exd4 4. Nxd4 Nf6 5. Nc3 Be7 6. Nde2 0-0 7. g3 Re8 8. Bg2 Bf8 9. 0-0 Nbd7 10. Re1 Nc5 11. Nd4 Bd7 12. h3 g6 13. a4 Bg7 14. Kh2 a5 15. Ndb5 Bc6 16. f3 Qd7 17. Bf1 Re7 18. Be3 b6 19. Qd2 Rae8 20. Red1 Re5 21. Nd4 Bxe4 22. fxe4 Ncxe4 23. Nxe4 Nxe4 24. Qg2 Nxg3 25. Bf4 Nxf1+ 26. Rxf1 Re4 27. c3 Bxd4 1/2-1/2

[Event "IND-ch Velammal 45th"]
[Site "Chennai"]
[Date "2008.02.10"]
[Round "8"]
[White "Deepan Chakkravarthy, J."]
[Black "Roktim, Bandyopadhyay"]
[Result "1/2-1/2"]
[WhiteElo "2491"]
[BlackElo "2373"]
[PlyCount "39"]
[EventDate "2008.02.03"]
[EventType "swiss"]
[EventRounds "13"]
[EventCountry "IND"]
[SourceTitle "CBM 122 Extra"]
[Source "ChessBase"]
[SourceDate "2008.03.04"]
[SourceVersion "1"]
[SourceVersionDate "2008.03.04"]
[SourceQuality "1"]

1. e4 e5 2. Nf3 d6 3. d4 exd4 4. Nxd4 Nf6 5. Nc3 Be7 6. g3 0-0 7. Bg2 Re8 8. 0-0 Bf8 9. h3 Nbd7 10. Re1 Nc5 11. Nb3 Nxb3 12. axb3 Bd7 13. Bf4 Bc6 14. e5 Bxg2 15. Kxg2 dxe5 16. Bxe5 Nd7 17. Bf4 c6 18. Ne4 Nc5 19. Nxc5 Bxc5 20. Qxd8 1/2-1/2

[Event "IND-ch Velammal 45th"]
[Site "Chennai"]
[Date "2008.02.06"]
[Round "4"]
[White "Roktim, Bandyopadhyay"]
[Black "Neelotpal, Das"]
[Result "1/2-1/2"]
[WhiteElo "2373"]
[BlackElo "2486"]
[PlyCount "55"]
[EventDate "2008.02.03"]
[EventType "swiss"]
[EventRounds "13"]
[EventCountry "IND"]
[SourceTitle "CBM 122 Extra"]
[Source "ChessBase"]
[SourceDate "2008.03.04"]
[SourceVersion "1"]
[SourceVersionDate "2008.03.04"]
[SourceQuality "1"]

1. Nf3 Nf6 2. g3 d5 3. Bg2 c6 4. 0-0 Bg4 5. d4 e6 6. Nbd2 Be7 7. Re1 0-0 8. e4 Bh5 9. c3 Nbd7 10. Qb3 Rb8 11. c4 Bg6 12. exd5 exd5 13. Ne5 Nxe5 14. dxe5 Nd7 15. cxd5 Nc5 16. Qf3 cxd5 17. Nb3 Nd3 18. Rd1 Nxe5 19. Qe2 Nc6 20. Rxd5 Qb6 21. Be3 Qb4 22. Nc5 Rfd8 23. a3 Qa5 24. Nd7 Qxd5 25. Bxd5 Rxd7 26. Rd1 Rbd8 27. Bb3 Bd3 28. Rxd3 1/2-1/2

[Event "New Delhi Parsvnath op 6th"]
[Site "New Delhi"]
[Date "2008.01.19"]
[Round "9"]
[White "Roktim, Bandyopadhyay"]
[Black "Kunte, Abhijit"]
[Result "1/2-1/2"]
[WhiteElo "2373"]
[BlackElo "2550"]
[PlyCount "40"]
[EventDate "2008.01.13"]
[EventType "swiss"]
[EventRounds "10"]
[EventCountry "IND"]
[SourceTitle "CBM 122 Extra"]
[Source "ChessBase"]
[SourceDate "2008.03.04"]
[SourceVersion "1"]
[SourceVersionDate "2008.03.04"]
[SourceQuality "1"]

1. d4 Nf6 2. Nf3 e6 3. c4 c5 4. d5 exd5 5. cxd5 d6 6. Nc3 g6 7. e4 Bg7 8. h3 0-0 9. Bd3 a6 10. a4 Nbd7 11. 0-0 Qe7 12. Re1 Re8 13. Bf4 Nh5 14. Bg5 Bf6 15. Be3 Ne5 16. Be2 Nxf3+ 17. Bxf3 Ng7 18. Qd2 Bd7 19. a5 Rab8 20. Na4 Bxa4 1/2-1/2

[Event "New Delhi Parsvnath op 6th"]
[Site "New Delhi"]
[Date "2008.01.18"]
[Round "8"]
[White "Mahjoob, Morteza"]
[Black "Roktim, Bandyopadhyay"]
[Result "0-1"]
[WhiteElo "2504"]
[BlackElo "2373"]
[PlyCount "86"]
[EventDate "2008.01.13"]
[EventType "swiss"]
[EventRounds "10"]
[EventCountry "IND"]
[SourceTitle "CBM 122 Extra"]
[Source "ChessBase"]
[SourceDate "2008.03.04"]
[SourceVersion "1"]
[SourceVersionDate "2008.03.04"]
[SourceQuality "1"]

1. e4 e5 2. Nf3 d6 3. d4 exd4 4. Nxd4 Nf6 5. Nc3 Be7 6. Bf4 0-0 7. Qd2 a6 8. f3 b5 9. a4 b4 10. Nd5 Nxd5 11. exd5 Bh4+ 12. g3 Re8+ 13. Kf2 Bf6 14. Rd1 Bb7 15. Bc4 a5 16. Rhe1 Rxe1 17. Rxe1 Nd7 18. c3 Ne5 19. Ba2 Qd7 20. Qd1 bxc3 21. bxc3 Ba6 22. Bb1 g6 23. Bc2 Bc4 24. Be4 Rb8 25. Bc1 Qh3 26. Kg1 Re8 27. Bd2 Kg7 28. Bf4 Nd7 29. Qc2 Nc5 30. Qf2 Nxa4 31. Qd2 Nc5 32. Qf2 a4 33. Bc1 Bd3 34. Re3 Bxe4 35. fxe4 Bxd4 36. cxd4 Nxe4 37. Qf3 Qf5 38. Qe2 Qxd5 39. Bb2 Re6 40. Qc2 Ng5 41. Rxe6 Nh3+ 42. Kf1 Qh1+ 43. Ke2 Qxh2+ 0-1

[Event "New Delhi Parsvnath op 6th"]
[Site "New Delhi"]
[Date "2008.01.14"]
[Round "3"]
[White "Roktim, Bandyopadhyay"]
[Black "Chandika, Divyasree"]
[Result "1-0"]
[WhiteElo "2373"]
[BlackElo "2099"]
[PlyCount "111"]
[EventDate "2008.01.13"]
[EventType "swiss"]
[EventRounds "10"]
[EventCountry "IND"]
[SourceTitle "CBM 122 Extra"]
[Source "ChessBase"]
[SourceDate "2008.03.04"]
[SourceVersion "1"]
[SourceVersionDate "2008.03.04"]
[SourceQuality "1"]

1. d4 Nf6 2. Nf3 e6 3. Bf4 c5 4. e3 b6 5. h3 Bb7 6. Bd3 Be7 7. Nbd2 d6 8. c3 0-0 9. Qe2 Qc8 10. 0-0 Ba6 11. c4 Nbd7 12. Rac1 Qb7 13. a3 Rac8 14. b4 Qa8 15. dxc5 bxc5 16. e4 Rfe8 17. b5 Bb7 18. Rfe1 Nf8 19. Nb3 d5 20. Nfd2 N8d7 21. Na5 Nb6 22. Nxb7 Qxb7 23. Nb3 dxc4 24. Bxc4 Nxc4 25. Qxc4 Qb6 26. a4 a6 27. bxa6 Ra8 28. Nxc5 Bxc5 29. Qxc5 Qxa6 30. Ra1 Nd7 31. Qb5 Nb6 32. Qxa6 Rxa6 33. a5 Nc4 34. Ra4 Nb2 35. Ra3 e5 36. Be3 Nc4 37. Ra4 Nxe3 38. Rxe3 f6 39. Rb3 Rea8 40. Rb5 Kf7 41. Rb7+ Kg6 42. Ra3 R8a7 43. Rxa7 Rxa7 44. Kf1 Kf7 45. Ke2 Ke6 46. Kd3 Kd6 47. Kc4 Kc6 48. g3 Ra8 49. a6 Ra7 50. f4 exf4 51. gxf4 Kb6 52. Kd5 h6 53. e5 fxe5 54. fxe5 Kc7 55. e6 Kd8 56. Kc6 1-0

[Event "New Delhi Parsvnath op 6th"]
[Site "New Delhi"]
[Date "2008.01.13"]
[Round "2"]
[White "Lama, Surbir"]
[Black "Roktim, Bandyopadhyay"]
[Result "1/2-1/2"]
[WhiteElo "2091"]
[BlackElo "2373"]
[PlyCount "67"]
[EventDate "2008.01.13"]
[EventType "swiss"]
[EventRounds "10"]
[EventCountry "IND"]
[SourceTitle "CBM 122 Extra"]
[Source "ChessBase"]
[SourceDate "2008.03.04"]
[SourceVersion "1"]
[SourceVersionDate "2008.03.04"]
[SourceQuality "1"]

1. d4 Nf6 2. c4 Nc6 3. Nf3 e6 4. g3 Bb4+ 5. Bd2 Qe7 6. Qb3 a5 7. Bg2 0-0 8. 0-0 Bxd2 9. Nbxd2 d6 10. e4 e5 11. d5 Nb4 12. h3 c6 13. Rfc1 Na6 14. Ne1 Nc5 15. Qe3 g6 16. b3 Nh5 17. a3 cxd5 18. exd5 Ng7 19. b4 Nf5 20. Qe2 Nd4 21. Qd1 axb4 22. axb4 Rxa1 23. Rxa1 Na6 24. Nd3 Bf5 25. Ne4 Bxe4 26. Bxe4 f5 27. Bg2 e4 28. Nf4 Qe5 29. Rb1 Rc8 30. Qa4 Qe8 31. Qa2 Qe5 32. Qa1 Qe8 33. Qa2 Qe5 34. Qa1 1/2-1/2

[Event "IND-chB 45th"]
[Site "Dindigul"]
[Date "2007.06.17"]
[Round "10"]
[White "Prasenjit, Dutta"]
[Black "Roktim, Bandyopadhyay"]
[Result "0-1"]
[WhiteElo "2256"]
[BlackElo "2369"]
[PlyCount "97"]
[EventDate "2007.06.11"]
[EventType "swiss"]
[EventRounds "12"]
[EventCountry "IND"]
[SourceTitle "CBM 119 Extra"]
[Source "ChessBase"]
[SourceDate "2007.09.04"]
[SourceVersion "1"]
[SourceVersionDate "2007.09.04"]
[SourceQuality "1"]

1. e4 e5 2. Nf3 Nc6 3. Bc4 Nf6 4. Qe2 Be7 5. c3 0-0 6. Bb3 d6 7. 0-0 Be6 8. Bxe6 fxe6 9. d4 Qe8 10. dxe5 Nxe5 11. Ng5 Qd7 12. f4 Nf7 13. Nh3 e5 14. c4 exf4 15. Bxf4 Rae8 16. Nc3 Bd8 17. Rae1 c6 18. Kh1 Ba5 19. Nf2 Bxc3 20. bxc3 Qe6 21. Kg1 Re7 22. Qd3 Nd7 23. Qd4 c5 24. Qd5 Nb6 25. Qxe6 Rxe6 26. Rb1 Re7 27. Rfd1 Nxc4 28. Rd5 b6 29. Re1 Rfe8 30. g4 Re6 31. Kg2 Nfe5 32. h4 Nc6 33. Rh1 Rf8 34. Rf5 Ne7 35. Rxf8+ Kxf8 36. h5 d5 37. e5 Nxe5 38. Re1 N7c6 39. Kg3 Re8 40. g5 Nc4 41. Rf1 Ke7 42. Ng4 Nd6 43. g6 hxg6 44. hxg6 Kd7 45. Kg2 Re6 46. Ne3 Rxg6+ 47. Kh3 Ne7 48. Ng4 Nc4 49. Bb8 0-1

[Event "IND-chB 45th"]
[Site "Dindigul"]
[Date "2007.06.14"]
[Round "5"]
[White "Roktim, Bandyopadhyay"]
[Black "Vinoth Kumar, Madavan"]
[Result "1-0"]
[WhiteElo "2369"]
[BlackElo "2263"]
[PlyCount "69"]
[EventDate "2007.06.11"]
[EventType "swiss"]
[EventRounds "12"]
[EventCountry "IND"]
[SourceTitle "CBM 119 Extra"]
[Source "ChessBase"]
[SourceDate "2007.09.04"]
[SourceVersion "1"]
[SourceVersionDate "2007.09.04"]
[SourceQuality "1"]

1. d4 d6 2. Nf3 g6 3. c4 Nd7 4. Nc3 e5 5. e4 Bg7 6. Be2 Nh6 7. h4 f6 8. Qb3 c6 9. h5 Qe7 10. d5 c5 11. Nh4 Nf8 12. Qb5+ Kf7 13. Bd2 f5 14. 0-0-0 f4 15. Qb3 g5 16. Nf3 Bf6 17. g3 Ng4 18. Rdf1 h6 19. Qd1 Bg7 20. Nxg5+ Qxg5 21. gxf4 exf4 22. Rhg1 Bxc3 23. bxc3 Rg8 24. Bxg4 Bxg4 25. f3 Bxh5 26. Rxg5 hxg5 27. Rh1 Rh8 28. Qg1 Kf6 29. Qg2 Ng6 30. Rg1 g4 31. fxg4 Nh4 32. Qf2 Bg6 33. Rh1 f3 34. Rxh4 Bxe4 35. g5+ 1-0

[Event "Calicut op"]
[Site "Calicut"]
[Date "2007.02.27"]
[Round "3"]
[White "Greenfeld, Alon"]
[Black "Roktim, Bandyopadhyay"]
[Result "1-0"]
[WhiteElo "2556"]
[BlackElo "2360"]
[PlyCount "65"]
[EventDate "2007.02.25"]
[EventType "swiss"]
[EventRounds "10"]
[EventCountry "IND"]
[SourceTitle "CBM 117 Extra"]
[Source "ChessBase"]
[SourceDate "2007.05.09"]
[SourceVersion "1"]
[SourceVersionDate "2007.05.09"]
[SourceQuality "1"]

1. Nf3 Nf6 2. d4 g6 3. c4 Bg7 4. g3 c6 5. Bg2 0-0 6. 0-0 d5 7. Qb3 Qb6 8. Nc3 Rd8 9. c5 Qxb3 10. axb3 Na6 11. Bf4 Nd7 12. Rfd1 Re8 13. h3 h6 14. g4 g5 15. Bg3 e5 16. e3 e4 17. Ne1 f5 18. gxf5 Nf6 19. Nc2 Bxf5 20. b4 h5 21. b5 Nb8 22. Nb4 a5 23. bxc6 bxc6 24. Bxb8 Raxb8 25. Nxc6 Rxb2 26. Rxa5 h4 27. Rb5 Rc2 28. Rb3 g4 29. Nb4 Rxc3 30. Rxc3 gxh3 31. Bf1 Be6 32. Ra1 Nh7 33. Rca3 1-0

[Event "IND-ch 44th"]
[Site "Atul"]
[Date "2006.12.26"]
[Round "10"]
[White "Sinha, Sudhir Kumar"]
[Black "Roktim, Bandyopadhyay"]
[Result "1/2-1/2"]
[WhiteElo "2182"]
[BlackElo "2332"]
[PlyCount "93"]
[EventDate "2006.12.18"]
[EventType "swiss"]
[EventRounds "13"]
[EventCountry "IND"]
[SourceTitle "CBM 115 Extra"]
[Source "ChessBase"]
[SourceDate "2007.01.10"]
[SourceVersion "1"]
[SourceVersionDate "2007.01.10"]
[SourceQuality "1"]

1. e4 c5 2. Nf3 a6 3. c4 d6 4. d4 Bg4 5. d5 e5 6. Be2 Be7 7. 0-0 Nd7 8. h3 Bxf3 9. Bxf3 Bg5 10. Nd2 Ne7 11. g3 0-0 12. Bg2 b5 13. Nf3 Bxc1 14. Rxc1 Qa5 15. a3 Nb6 16. Nd2 Rab8 17. f4 Nxc4 18. Nxc4 bxc4 19. Rf2 Rb3 20. fxe5 Ng6 21. Rxc4 Rxg3 22. Kh2 Qd8 23. Qf1 Rg5 24. exd6 Qxd6+ 25. Kh1 Ne5 26. Ra4 c4 27. Rf5 Rxf5 28. Qxf5 g6 29. Qf2 Rb8 30. Qd4 Rb3 31. Rxa6 Qxa6 32. Qxe5 Qb6 33. d6 Rxb2 34. Qe8+ Kg7 35. Qe5+ Kg8 36. Qe8+ Kg7 37. Qe5+ f6 38. Qe7+ Kh6 39. Qf8+ Kg5 40. h4+ Kg4 41. Qxf6 Rb1+ 42. Bf1 Qe3 43. d7 Qh3+ 44. Kg1 Qg3+ 45. Kh1 Qh3+ 46. Kg1 Qg3+ 47. Kh1 1/2-1/2

[Event "IND-ch 44th"]
[Site "Atul"]
[Date "2006.12.24"]
[Round "8"]
[White "Syed Anwar, Shazuli"]
[Black "Roktim, Bandyopadhyay"]
[Result "1/2-1/2"]
[WhiteElo "2241"]
[BlackElo "2332"]
[PlyCount "92"]
[EventDate "2006.12.18"]
[EventType "swiss"]
[EventRounds "13"]
[EventCountry "IND"]
[SourceTitle "CBM 115 Extra"]
[Source "ChessBase"]
[SourceDate "2007.01.10"]
[SourceVersion "1"]
[SourceVersionDate "2007.01.10"]
[SourceQuality "1"]

1. d4 Nf6 2. Nf3 g6 3. c4 Bg7 4. Nc3 0-0 5. g3 d6 6. Bg2 Nc6 7. 0-0 a6 8. a3 Bg4 9. e3 Qc8 10. Qb3 Rb8 11. d5 Na7 12. Re1 b5 13. e4 c5 14. cxb5 Nxb5 15. Nxb5 Bxf3 16. Qxf3 Rxb5 17. Bf1 Rb6 18. Rb1 Qb7 19. b4 cxb4 20. Be3 a5 21. Bxb6 Qxb6 22. axb4 axb4 23. Qe3 Qxe3 24. Rxe3 Ng4 25. Re2 Bc3 26. Ra2 Rb8 27. f3 Ne5 28. Kg2 Rb7 29. Ra8+ Kg7 30. Ba6 Rc7 31. f4 Nd7 32. Bb5 Nc5 33. Kf3 Rb7 34. Bc4 Rc7 35. Bb3 Rb7 36. Ra2 Rc7 37. Ke3 Rb7 38. g4 h6 39. h4 g5 40. fxg5 hxg5 41. h5 Nd7 42. Bd1 Nc5 43. Bb3 Rc7 44. Bc2 Nd7 45. Bd1 Be5 46. Rxb4 Rc3+ 1/2-1/2

[Event "IND-ch 44th"]
[Site "Atul"]
[Date "2006.12.19"]
[Round "2"]
[White "Venkatesh, Marani Rajendran"]
[Black "Roktim, Bandyopadhyay"]
[Result "1/2-1/2"]
[WhiteElo "2466"]
[BlackElo "2332"]
[PlyCount "51"]
[EventDate "2006.12.18"]
[EventType "swiss"]
[EventRounds "13"]
[EventCountry "IND"]
[SourceTitle "CBM 115 Extra"]
[Source "ChessBase"]
[SourceDate "2007.01.10"]
[SourceVersion "1"]
[SourceVersionDate "2007.01.10"]
[SourceQuality "1"]

1. e4 e5 2. Nf3 Nc6 3. Bb5 Nf6 4. d3 Bc5 5. Nc3 Nd4 6. Nxe5 c6 7. Ba4 0-0 8. Bg5 h6 9. Bh4 g5 10. Bg3 d6 11. Nf3 Bg4 12. h3 Bxf3 13. gxf3 Nh5 14. f4 Nxf4 15. Bxf4 gxf4 16. Qg4+ Qg5 17. Ne2 f5 18. Qxg5+ hxg5 19. Nxd4 Bxd4 20. Bb3+ Kg7 21. c3 Bb6 22. Rg1 Kf6 23. exf5 Rh8 24. d4 Rxh3 25. 0-0-0 Re8 26. Be6 1/2-1/2

[Event "IND-ch 44th"]
[Site "Atul"]
[Date "2006.12.18"]
[Round "1"]
[White "Roktim, Bandyopadhyay"]
[Black "Bakre, Tejas"]
[Result "1-0"]
[WhiteElo "2332"]
[BlackElo "2447"]
[PlyCount "45"]
[EventDate "2006.12.18"]
[EventType "swiss"]
[EventRounds "13"]
[EventCountry "IND"]
[SourceTitle "CBM 115 Extra"]
[Source "ChessBase"]
[SourceDate "2007.01.10"]
[SourceVersion "1"]
[SourceVersionDate "2007.01.10"]
[SourceQuality "1"]

1. d4 Nf6 2. c4 e6 3. Nf3 b6 4. g3 Ba6 5. Qc2 Bb7 6. Bg2 c5 7. d5 exd5 8. cxd5 Bxd5 9. Nc3 Bc6 10. e4 d6 11. Bf4 Nh5 12. 0-0-0 Nxf4 13. gxf4 Be7 14. e5 0-0 15. h4 f6 16. Nd5 fxe5 17. Ng5 Bxg5 18. hxg5 g6 19. Qb3 Kg7 20. Rxh7+ Kxh7 21. Qh3+ Kg8 22. Rh1 Qd7 23. Nf6+ 1-0

[Event "Vlissingen HZ op 10th"]
[Site "Vlissingen"]
[Date "2006.08.12"]
[Round "9"]
[White "Roktim, Bandyopadhyay"]
[Black "Rosmuller, Anton J"]
[Result "0-1"]
[WhiteElo "2365"]
[BlackElo "2122"]
[PlyCount "136"]
[EventDate "2006.08.05"]
[EventType "swiss"]
[EventRounds "9"]
[EventCountry "NED"]
[SourceTitle "CBM 113 Extra"]
[Source "ChessBase"]
[SourceDate "2006.09.14"]
[SourceVersion "1"]
[SourceVersionDate "2006.09.14"]
[SourceQuality "1"]

1. d4 Nf6 2. c4 e6 3. Nc3 Bb4 4. e3 b6 5. Nge2 c5 6. a3 Ba5 7. Rb1 Na6 8. Ng3 Bb7 9. Bd3 Bxc3+ 10. bxc3 h5 11. h4 Bxg2 12. Rg1 Bb7 13. e4 d6 14. Bg5 Qc7 15. a4 Nb8 16. Bxf6 gxf6 17. d5 Nd7 18. f4 0-0-0 19. Be2 f5 20. Nxh5 fxe4 21. Kf2 exd5 22. cxd5 e3+ 23. Kf1 Rde8 24. Rg5 Rxh5 25. Rxh5 Nf6 26. Bb5 e2+ 27. Bxe2 Nxh5 28. Bxh5 Ba6+ 29. Kg1 Qe7 30. Qg4+ Kb8 31. Qg3 Qe4 32. Rd1 Qh7 33. f5 Kc7 34. Re1 Rxe1+ 35. Qxe1 Qxf5 36. Qe7+ Qd7 37. Qxd7+ Kxd7 38. Bxf7 Ke7 39. Be6 b5 40. axb5 Bxb5 41. Kf2 a5 42. Ke3 a4 43. Kd2 a3 44. Kc2 Bc4 45. h5 Kf6 46. Kb1 Kg7 47. Ka1 Kf6 48. Kb1 Be2 49. h6 Bc4 50. Bg8 Kg6 51. h7 Kg7 52. Kc2 Kh8 53. Kb1 Bd3+ 54. Ka2 Bxh7 55. Be6 Kg7 56. Kxa3 Kf6 57. Kb2 Ke5 58. Kc1 Be4 59. Kd2 Bxd5 60. Bg4 Be4 61. Be2 d5 62. Ba6 Kd6 63. Bf1 Kc6 64. Be2 Kb6 65. Bd1 Ka5 66. Be2 Ka4 67. Ba6 c4 68. Bb7 Bg2 0-1

[Event "Vlissingen HZ op 10th"]
[Site "Vlissingen"]
[Date "2006.08.07"]
[Round "4"]
[White "Roktim, Bandyopadhyay"]
[Black "Van Rij, Gert"]
[Result "1-0"]
[WhiteElo "2365"]
[BlackElo "2079"]
[PlyCount "39"]
[EventDate "2006.08.05"]
[EventType "swiss"]
[EventRounds "9"]
[EventCountry "NED"]
[SourceTitle "CBM 113 Extra"]
[Source "ChessBase"]
[SourceDate "2006.09.14"]
[SourceVersion "1"]
[SourceVersionDate "2006.09.14"]
[SourceQuality "1"]

1. d4 f5 2. Nc3 d5 3. e4 dxe4 4. f3 Nf6 5. fxe4 fxe4 6. Bc4 Nc6 7. Nge2 e5 8. Bg5 Bf5 9. Ng3 Qxd4 10. Nxf5 Qxc4 11. Bxf6 gxf6 12. Qh5+ Kd7 13. 0-0-0+ Bd6 14. Qg4 Qe6 15. Nxe4 Nd4 16. Rxd4 exd4 17. Qg7+ Qe7 18. Nxf6+ Ke6 19. Nxe7 Bxe7 20. Re1+ 1-0

[Event "Dieren op"]
[Site "Dieren"]
[Date "2006.08.01"]
[Round "7"]
[White "Hendriks, Willy"]
[Black "Roktim, Bandyopadhyay"]
[Result "1-0"]
[WhiteElo "2426"]
[BlackElo "2365"]
[PlyCount "147"]
[EventDate "2006.07.25"]
[EventType "swiss"]
[EventRounds "9"]
[EventCountry "NED"]
[SourceTitle "CBM 113 Extra"]
[Source "ChessBase"]
[SourceDate "2006.09.14"]
[SourceVersion "1"]
[SourceVersionDate "2006.09.14"]
[SourceQuality "1"]

1. e4 e5 2. Bc4 Nf6 3. d3 Nc6 4. Nf3 h6 5. 0-0 d6 6. c3 g6 7. d4 Qe7 8. Re1 Bg7 9. Nbd2 0-0 10. h3 Na5 11. Bd3 c5 12. d5 b6 13. a4 Nh7 14. b4 Nb7 15. Nc4 f5 16. Ra2 f4 17. Bf1 g5 18. Nh2 Nf6 19. g4 h5 20. f3 Rf7 21. Bd3 Bf8 22. Nf1 Rh7 23. Rh2 Bd7 24. Ree2 Qd8 25. Rb2 Qc7 26. Bd2 Be7 27. Be1 Kg7 28. Qb3 Rah8 29. Rbg2 Bd8 30. Bf2 Bc8 31. Na3 Kf8 32. Be2 hxg4 33. hxg4 cxb4 34. cxb4 a5 35. Nc4 Nd7 36. Nfd2 Rxh2 37. Rxh2 Rxh2 38. Kxh2 axb4 39. Qxb4 Ndc5 40. Na3 Bd7 41. Bb5 Bc8 42. Kg2 Bd7 43. Qc4 Na5 44. Qc2 Nab7 45. Bxd7 Qxd7 46. Nb5 Na5 47. Nc4 Nxc4 48. Qxc4 Bc7 49. Bxc5 bxc5 50. Na7 Bb6 51. Nc6 Qh7 52. a5 Qh4 53. Qe2 Qg3+ 54. Kf1 Bxa5 55. Nxa5 Ke7 56. Nc4 Qh3+ 57. Qg2 Qh8 58. Kg1 Qh4 59. Qf2 Qh3 60. Nd2 Qh8 61. Qh2 Qa8 62. Qh7+ Kf6 63. Qf5+ Kg7 64. Qxg5+ Kh7 65. Qe7+ Kg8 66. Qe6+ Kh8 67. Qh6+ Kg8 68. Qg6+ Kh8 69. Qxd6 Qa1+ 70. Nf1 Qd4+ 71. Kg2 Qb2+ 72. Kh3 Qf2 73. Qxe5+ Kg8 74. Qg5+ 1-0